Podnikateľský plán vybraného podniku diplomová práca

Salvato in:
Dettagli Bibliografici
Autore principale: Miklovičová, Katarína
Ente Autore: Fakulta podnikového manažmentu EU. Katedra manažmentu
Altri autori: Čambalíková, Andrea, 1990-
Natura: Libro
Lingua:slovacco
Pubblicazione: Bratislava 2022
Tags: Aggiungi Tag
Nessun Tag, puoi essere il primo ad aggiungerne!!

MARC

LEADER 00000nbm a2200000 4500
001 0285492
005 20230222100113.7
041 0 |a slo 
044 |a SK 
245 1 0 |a Podnikateľský plán vybraného podniku  |b diplomová práca  |c Katarína Miklovičová ; školiteľ: Andrea Čambalíková 
264 1 |a Bratislava  |c 2022 
300 |a 81 s. 
100 1 |a Miklovičová, Katarína 
700 1 |a Čambalíková, Andrea, 1990- 
710 2 |a Fakulta podnikového manažmentu EU. Katedra manažmentu